| 000 | 01123nam a2200229Ia 4500 | ||
|---|---|---|---|
| 999 |
_c56156 _d56156 |
||
| 001 | 23257 | ||
| 003 | GE_BSU | ||
| 005 | 20251107182634.0 | ||
| 008 | 181216s1991||||ge |||||||||||||| ||geo|| | ||
| 040 | _cGE_BSU | ||
| 041 | _ageo | ||
| 080 | _a94(5) + 94(6) ა-36 | ||
| 245 |
_aაზიისა და აფრიკის ქვეყნების ისტორიის აქტუალური პრობლემები / _c რედ.: ალ. მენთეშაშვილი. |
||
| 264 |
_aთბილისი : _bთბილ. უნ-ტის გამ-ბა, _c1991. |
||
| 300 |
_a367 გვ. ; _c21 სმ. |
||
| 541 | _h7 ლ. | ||
| 653 | _aაზიის ქვეყნების ისტორია | ||
| 653 | _aაფრიკის ქვეყნების ისტორია | ||
| 653 | _aაზიისა და აფრიკის ქვეყნების ისტორიის აქტუალური პრობლემები | ||
| 700 |
_aმენთეშაშვილი, ალ. _eრედაქტორი _910208 |
||
| 942 |
_cBK _2udc |
||